Sports Quiz

Random Sports or NCAA Quiz

NCAA Div I Winning Streaks Quiz Stats

 Plays Quiz Updated Feb 14, 2021

Support Sporcle.
Go Orange.
Score 0/28 Timer 04:00
4 Plays Today
Games Team % Correct
26Alabama Crimson Tide
95.1%
25USC Trojans
89.4%
30Texas Longhorns
84.7%
47Oklahoma Sooners
81.8%
31Oklahoma Sooners
81.8%
28Oklahoma Sooners
81.8%
29Clemson Tigers
81.3%
29Michigan Wolverines
80.5%
26Michigan Wolverines
80.5%
25Michigan Wolverines
80.5%
28Alabama Crimson Tide
78.8%
29Florida State Seminoles
77.9%
34Miami Hurricanes
76.8%
29Miami Hurricanes
76.8%
Games Team % Correct
34Penn Quakers
66.3%
31Penn Quakers
66.3%
26Nebraska Cornhuskers
66.2%
37Yale Bulldogs
64.2%
37Yale Bulldogs
64.2%
25Army Black Knights
56.7%
25UCF Knights
42.5%
40Washington Huskies
38.6%
28Michigan State Spartans
37.6%
25BYU Cougars
28.9%
31Pittsburgh Panthers
26.5%
26Cornell Big Red
22.8%
35Toledo Rockets
5.2%
25San Diego State Aztecs
2.6%

From the Vault

'K' in History

by wiggytitch

History 5m
We're still not sure about Krazy Glue's place in history.
Remove Ads.
Support Sporcle.
Get the best of Sporcle when you Go Orange. This ad-free experience offers more features, more stats, and more fun while also helping to support Sporcle. Thank you for becoming a member.

Show Comments

Extras

Top Quizzes Today


Score Distribution

Your Account Isn't Verified!

In order to create a playlist on Sporcle, you need to verify the email address you used during registration. Go to your Sporcle Settings to finish the process.

Report this User

Report this user for behavior that violates our Community Guidelines.

Details: